Libro segundo de lenguaje práctico y gramático elemental para los grados tercero y cuarto de la escuela primaria.

Gespeichert in:
Bibliographische Detailangaben
1. Verfasser: Fuenmayor, Alejandro.
Format: Buch
Sprache:Spanisch
Erschienen: Maracaibo, Venezuela. Editorial Hermanos Belloso Rossell 1940
Katalog:MANES:  Suchergebnis im Bibliothekskatalog
Schulbuchspezifische Eigenschaften:
Tags: Tag hinzufügen
Keine Tags, Fügen Sie den ersten Tag hinzu!
Hinzugefügt zu:27.10.2018
Geändert in:20.11.2024

MARC

LEADER 00000nam a2200000 4500
005 20241121020206.0
008 181028b xxu||||| |||| 00| 0 spa d
040 |a centro_manes   |c universidad_colima 
100 |9 22788  |a Fuenmayor, Alejandro. 
245 |a Libro segundo de lenguaje práctico y gramático elemental para los grados tercero y cuarto de la escuela primaria. 
260 |a Maracaibo, Venezuela.   |b Editorial Hermanos Belloso Rossell   |c 1940 
500 |a Aparece: Francisco Ziga, "Bibliografía Pedagógica. Libros de texto para enseñanza primaria:1850-1970 V. Libros de Gramática" en Boletín del Instituto de Investigaciones Bibliográficas 1981-1982, Biblioteca Nacional, Hemeroteca Nacional, Universidad Nacional Autónoma de México, Nos. 18 - 19,p. 162.  |a Ils. 
690 0 |a LEN 
691 0 |a PRI 
942 |2 ddc  |c BK 
999 |c 52899  |d 52899 
999 |c manes:52899  |d 52899